000 00745nam a2200265Ia 4500
003 OSt
005 20221005025930.0
006 a|||||r|||| 00| 0
007 ta
008 221004b |||||||| |||| 00| 0 eng d
020 _a0521434920
024 _a42152
037 _cTextual
040 _aCRL
_cCRL
_beng
041 _2eng
_aeng
082 _aO121vN9, 111N6
100 _aBrand Peter Ed.
_92651
245 0 _aCambridge history of Italian literature
260 _aCambridge
_bCambridge Univ Press
_c1996
300 _a701p
_ccm.
650 _aENGLISH LITERATURE
700 _a Pertoile Lino Au.
_9582298
942 _hO121vN9, 111N6
_cTEXL
_2cc
999 _c935474
_d935474